000 00628nam a2200229Ia 4500
003 OSt
005 20220918203128.0
006 a|||||r|||| 00| 0
007 ta
008 220917b |||||||| |||| 00| 0 eng d
024 _a106,235
037 _cTextual
040 _aARTS
_cARTS
_beng
041 _2eng
_aeng
082 _aV3:5:M5, H6-;1
100 _aBuckle Henry Thomas
_9106967
245 0 _aIntroducation to the history of civilization in England ed by John M Robertson
260 _c1946
650 _aHISTORY
942 _hV3:5:M5, H6-;1
_cTEXL
_2CC
999 _c229593
_d229593